Chapman Library

Communicating at work : (Record no. 3537)

000 -LEADER
fixed length control field 00555cam a22001934a 4500
020 ## - INTERNATIONAL STANDARD BOOK NUMBER
ISBN 9780078036804 (softcover : alk. paper)
ISBN 0078036801 (softcover : alk. paper)
050 00 - LIBRARY OF CONGRESS CALL NUMBER
Classification number HF5718
100 1# - MAIN ENTRY--AUTHOR NAME
Personal name Adler, Ronald B.
245 10 - TITLE STATEMENT
Title Communicating at work :
250 ## - EDITION STATEMENT
Edition statement 11th ed.
260 ## - PUBLICATION, DISTRIBUTION, ETC. (IMPRINT)
Place of publication New York :
Name of publisher McGraw-Hill,
Year of publication c2013.
300 ## - PHYSICAL DESCRIPTION
Number of Pages xviii, 462 p. :
Other physical details col. ill. ;
650 #0 - SUBJECT ADDED ENTRY--TOPICAL TERM
Topical Term Business communication.
Topical Term Interpersonal communication.
700 1# - ADDED ENTRY--PERSONAL NAME
Personal name Elmhorst, Jeanne Marquardt.
Personal name Lucas, Kristen.
942 ## - ADDED ENTRY ELEMENTS (KOHA)
Koha item type Books
Holdings
Koha item type Collection code Shelving location Accession Number Permanent Location Current Location Date acquired Full call number
BooksReferenceReference4669Chapman LibraryChapman Library2017-04-08HF 5718adl


CSUC Chapman Library is a Koha Automated Library.


Contact us: library@csuc.edu.gh.